| 000 | 00802cam a22002291 4500 | ||
|---|---|---|---|
| 001 | 000019936 | ||
| 005 | 20200929170210.0 | ||
| 008 | 750808s1968 xx 000 0 spa | ||
| 010 | _a77231076 | ||
| 035 | _a(OCoLC)1526657 | ||
| 040 |
_aDO-SdBNP _cNmLcU _dDLC |
||
| 042 | _apremarc | ||
| 050 | 0 | 0 |
_aQK31.P65 _bM3 |
| 100 | 2 |
_aMarquez M., Orfila. _942514 |
|
| 245 | 1 | 0 |
_aHenri Francois Pittier, / _cpor Orfila Marquez M. |
| 260 |
_aCaracas, : _bEscuela de Biblioteconomia y Archivos, Facultad de Humanidades y Educacion, Universidad Central de Venezuela, _c1968. |
||
| 300 |
_a29 p. : _bport. ; _c16 cm. |
||
| 490 | 0 |
_aSerie bibliografica, _v8 |
|
| 600 | 1 | 0 |
_aPittier, Henri, _d1857-1950. _96828 |
| 650 | 0 |
_aNatural history _zLatin America _vBibliography. _942515 |
|
| 910 | _aCatalogación derivada / LC | ||
| 999 |
_c19449 _d19449 |
||